Ч. 1; Справочник экономиста-менеджера

מידע ביבליוגרפי
Parent link:Справочник экономиста-менеджера: в 2 ч./ под ред. А. А. Рудычева; А. М. Адамчука. Ч. 1.— 2-е изд., перераб. и доп..— , 2009
סיכום:В первой части справочника содержатся сведения о зарождении и развитии экономических теорий, о существующих методах исследования в экономике. Изложены правовые основы предпринимательской деятельности, основные положения по развитию малого предпринимательства, роль предприятия как производственно-экономической системы, договорные отношения предприятий, ресурсы производственной деятельности предприятия, нормирование труда, себестоимость продукции и прибыль, ценообразование и планирование на предприятии, управление качеством продукции и персоналом предприятия. Содержится большой статистический материал и данные по многим предприятиям России. Приведены методики расчёта основных технико-экономических показателей деятельности предприятия и примеры их использования. Содержатся основные вопросы практической деятельности экономиста-менеджера. Справочник предназначен для руководителей предприятий, менеджеров и работников экономических служб предприятий, преподавателей, аспирантов, студентов экономических вузов и факультетов.
שפה:רוסית
יצא לאור: 2009
נושאים:
פורמט: MixedMaterials ספר
KOHA link:https://koha.lib.tpu.ru/cgi-bin/koha/opac-detail.pl?biblionumber=156776

MARC

LEADER 00000nam2a2200000 4500
001 156776
005 20231101221925.0
010 |a 9785941781782 
035 |a (RuTPU)RU\TPU\book\170024 
090 |a 156776 
100 |a 20090330d2009 km y0rusy50 ca 
101 0 |a rus 
102 |a RU 
105 |a y g 001zy 
200 0 |a Ч. 1 
210 |d 2009 
215 |a 520 с. 
320 |a Библиогр.: с. 507-515. 
330 |a В первой части справочника содержатся сведения о зарождении и развитии экономических теорий, о существующих методах исследования в экономике. Изложены правовые основы предпринимательской деятельности, основные положения по развитию малого предпринимательства, роль предприятия как производственно-экономической системы, договорные отношения предприятий, ресурсы производственной деятельности предприятия, нормирование труда, себестоимость продукции и прибыль, ценообразование и планирование на предприятии, управление качеством продукции и персоналом предприятия. Содержится большой статистический материал и данные по многим предприятиям России. Приведены методики расчёта основных технико-экономических показателей деятельности предприятия и примеры их использования. Содержатся основные вопросы практической деятельности экономиста-менеджера. Справочник предназначен для руководителей предприятий, менеджеров и работников экономических служб предприятий, преподавателей, аспирантов, студентов экономических вузов и факультетов. 
461 1 |0 (RuTPU)RU\TPU\book\175146  |t Справочник экономиста-менеджера  |o в 2 ч.  |f под ред. А. А. Рудычева; А. М. Адамчука  |v Ч. 1  |e 2-е изд., перераб. и доп.  |d 2009 
606 1 |a Экономическая теория  |2 stltpush  |3 (RuTPU)RU\TPU\subj\26589  |9 50481 
610 1 |a экономика 
610 1 |a управление 
610 1 |a экономические исследования 
610 1 |a предпринимательство 
610 1 |a правовые основы 
610 1 |a предприятия 
610 1 |a фирмы 
610 1 |a государственная регистрация 
610 1 |a малое предпринимательство 
610 1 |a организационная структура 
610 1 |a продукция 
610 1 |a НОТ 
610 1 |a труд 
610 1 |a договорные отношения 
610 1 |a основные средства 
610 1 |a оборотные средства 
610 1 |a персонал 
610 1 |a кадры 
610 1 |a финансы 
610 1 |a производительный труд 
610 1 |a нормированный труд 
610 1 |a себестоимость 
610 1 |a планирование 
610 1 |a управление качеством 
610 1 |a справочники 
686 |a У011я2  |v LBC/SL-A  |2 rubbk 
801 1 |a RU  |b 63413507  |c 20090330  |g PSBO 
801 2 |a RU  |b 63413507  |c 20150507  |g PSBO 
942 |c BK 
959 |a 42/20090330  |d 2  |e 550,00  |f АНЛ:1  |f ЧЗГЛ:1